Les plus grands pays par superficie ou population - Statistiques

Statistiques générales
  • Ce quiz a été pris 334 fois
  • Le résultat moyen est 26 sur 31
Statistiques - réponses
pays % Correct
Chine
99%
Inde
99%
Russie
99%
Brésil
98%
Etats-Unis
98%
Canada
97%
Australie
96%
Algérie
94%
Mexique
94%
Argentine
92%
Indonésie
92%
Japon
86%
Kazakhstan
86%
Rép dém Congo
86%
Allemagne
84%
Égypte
83%
Pakistan
83%
Mongolie
82%
Nigeria
82%
Iran
81%
Arabie Saoudite
79%
Turquie
74%
Soudan
71%
Éthiopie
70%
Bangladesh
69%
Philippines
69%
Thaïlande
68%
Pérou
67%
Viêt Nam
66%
Libye
62%
Tchad
62%
Aucun quiz correspondant
Distribution des résultats
% des personnes avec chaque résultat
Percentile par nombre de réponses
Votre historique - résultats
Vous n’avez pas pris ce quiz